Responses for Show #7926 - Monday, February 11, 2019

Eric R. Backes game 1.

Contestants

[<< previous game]

Eric R. Backes, an attorney and government relations professional from Round Rock, Texas

Karen Bascom Lambiotte, a science writer from Vicksburg, Mississippi

Bif Reiser, a mathematician from Portland, Oregon (whose 3-day cash winnings total $69,400)

[next game >>]

Jeopardy! Round responses

SHOW US THE RING
A CLASSIC SETTING
5 DIAMONDS
SIDE STONES
EMERALD
"ONICS"
    $200 17
Prince Harry

Bif
    $200 11
1984

Karen
    $200 6
the Rockies

Karen
    $200 15
the shoulder

Eric
    $200 26
the Emerald City

Karen
    $200 1
phonics

Bif
    $400 18
(Audrey) Hepburn

Eric
    $400 12
Call of the Wild

Eric
    $400 7
(Alex: In Boston.)

Fenway Park

Eric
    $400 22
skipping

Karen
    $400 27
the Caribbean

Bif
    $400 2
the Seattle Supersonics

Bif
    $600 19
Josephine

Karen
    $2,000 13
The Hunchback of Notre Dame

Eric
    $600 8
Montana

Karen
    $600 23
the gallbladder

Eric
    $600 28
the Green Lantern

Eric
    $600 3
histrionics

Bif
    $800 20
(Aristotle) Onassis

Karen
    $800 14
Death in Venice

Triple Stumper
    $800 9
Ebbets Field

Eric
    $800 24
Neolithic

Bif
    $800 29
Buddha

Eric
    $800 4
hydroponics

Bif
    $1000 21
(Elizabeth) Taylor

Eric
    $1000 16
Tess of the d'Urbervilles

Triple Stumper
    $1000 10
the Angels

Eric
    $1000 25
a stockpile

Bif
    $1000 30
a racetrack

Eric
    $1000 5
avionics

Eric

Scores at the first commercial break (after clue 15):

Bif Karen Eric
$2,000 $1,000 $5,800

Scores at the end of the Jeopardy! Round:

Bif Karen Eric
$4,400 $3,000 $10,200

Double Jeopardy! Round responses

NEWER WORDS
A STATE OF RELAXATION
(Alex: You have to name the state.)
YOU SAY YOU WANT A FRENCH REVOLUTION
MOVIE TITLE TUNES
VEGANS & VEGETARIANS
NOT IN FIDDLER ON THE ROOF
    $400 3
babyproof

Bif
    $400 6
California

Eric
    $400 30
Louis XVI

Bif
    $400 23
"Ghostbusters"

Bif
    $400 20
Al Gore

Karen
    $400 1
beatnik

Karen
    $800 13
a baseball cap

Eric
    $800 7
Michigan

Eric
    $800 28
(Eric: What is purge?)

fear

Eric
Triple Stumper
    $800 18
"Footloose"

Bif
    $800 29
(Mary) Shelley

Eric
    $800 2
satchel

Eric
    $1200 27
photobombing

Bif
    $1200 8
Tennessee

Eric
    $8,000 24
Robespierre

Bif
    $1200 16
"Mamma Mia!"

Bif
    $1200 19
Rosa Parks

Eric
    $1200 10
a foible

Karen
    $4,800 4
the wayback

Bif
    $1600 5
(Bif: What is New York?)
...
(Alex: Warm Springs, [*].)

Georgia

BifEric
    $1600 15
estate

Eric
    $1600 17
Pretty in Pink

Eric
    $1600 22
(Upton) Sinclair

Eric
    $1600 11
kente

Triple Stumper
    $2000 14
elderflower

Bif
    $2000 9
Maine

Eric
    $2000 25
rights of man

Eric
    $2000 26
"Skyfall"

Bif
    $2000 21
(Cesar) Chavez

Karen
    $2000 12
Dremel

Eric

Scores at the end of the Double Jeopardy! Round:

Bif Karen Eric
$24,000 $7,000 $27,800

[wagering suggestions for these scores]

Final Jeopardy! Round responses

PRIMETIME TV
KarenWhat is Gray's Anatomy?
$7,000
BifWhat is Grey's Anatomy?
$3,801
EricWhat is Greys Anatomy
$20,201
Grey's Anatomy

Final scores:

Bif Karen Eric
$27,801 $14,000 $48,001
2nd place: $2,000 3rd place: $1,000 New champion: $48,001

Game dynamics:

Coryat scores:

Bif Karen Eric
$14,000 $7,000 $26,400
18 R
(including 2 DDs),
1 W
11 R,
0 W
27 R
(including 1 DD),
1 W

Combined Coryat: $47,400

[game clues] [game scores] [suggest correction]

Game tape date: 2019-01-15
The J! Archive is created by fans, for fans. Scraping, republication, monetization, and malicious use prohibited; this site may use cookies and collect identifying information. See terms. The Jeopardy! game show and all elements thereof, including but not limited to copyright and trademark thereto, are the property of Jeopardy Productions, Inc. and are protected under law. This website is not affiliated with, sponsored by, or operated by Jeopardy Productions, Inc. Join the discussion at JBoard.tv.